Dobó János
Elmentve itt :
| Szerző: | |
|---|---|
| Dokumentumtípus: | Cikk |
| Megjelent: |
1991-09-05
|
| Sorozat: | Délmagyarország
81 No. 208 |
| Kulcsszavak: | tanácstagok |
| Online Access: | http://dmarchiv.bibl.u-szeged.hu/114450 |
| LEADER | 00429nab a2200157 i 4500 | ||
|---|---|---|---|
| 001 | delm114450 | ||
| 005 | 20190927140513.0 | ||
| 008 | 190927s1991 hu o 0|| hun d | ||
| 040 | |a SZTE Délmagyarország Archívum |b hun | ||
| 041 | |a hun | ||
| 100 | 1 | |a Ódor József | |
| 245 | 1 | 0 | |a Dobó János |h [elektronikus dokumentum] / |c Ódor József |
| 260 | |c 1991-09-05 | ||
| 300 | |a 2 | ||
| 490 | 0 | |a Délmagyarország |v 81 No. 208 | |
| 695 | |a tanácstagok | ||